| 000 | 00970nam a2200277Ia 4500 | ||
|---|---|---|---|
| 003 | OSt | ||
| 005 | 20221005103505.0 | ||
| 006 | a|||||r|||| 00| 0 | ||
| 007 | ta | ||
| 008 | 221004b |||||||| |||| 00| 0 hin d | ||
| 020 |
_a9789381953457 (pbk) _cIndian Rupees 200 |
||
| 024 | _a33870 | ||
| 037 |
_bGift, 05/10/2017, _cTextual |
||
| 040 |
_aCRL _cCRL _bhin |
||
| 041 |
_2hin _ahin |
||
| 082 | _aO152,6NBHx, Q3 | ||
| 100 | _aभारद्वाज, पी. एन., ले. | ||
| 245 | 0 | _aबात तुम्हारी चली | |
| 246 | _aBāt tumhārī chalī | ||
| 260 |
_aजयपुर _bरचना प्रकाशन भारत _c2013 |
||
| 300 |
_a216पृ0 _ccm. |
||
| 650 | _a हिन्दी साहित्य | ||
| 650 | _aहिन्दी निबंध | ||
| 942 |
_hO152,6NBHx, Q3 _cTEXL _2cc |
||
| 999 |
_c1010177 _d1010177 |
||